000 00464nam a2200181Ia 4500
008 240925s9999 xx 000 0 und d
020 _a9780141975290
082 _a330.122 MAS
100 _aMason, Paul
245 0 _aPost Capitalism: a guide to our future
250 _aNA
260 _aLondon:
_bPenguin Books
_c,2015.
300 _a460p.
_b0
_fOriginal
500 _aIncludes Index
600 _aSocial Sciences
650 _aSocial Sciences
942 _cBK
999 _c17212
_d17212